Aircraft /

Guardat en:
Dades bibliogràfiques
Autor principal: Taylor, John W.R (autor)
Altres autors: Hamlyn, Paul (autor) (autor)
Format: Llibre
Idioma:anglès
Publicat: Verona, Italia : The Hamlyn Publishing Group, 1968, c1967
Matèries:
Etiquetes: Afegir etiqueta
Sense etiquetes, Sigues el primer a etiquetar aquest registre!

MARC

LEADER 00000nam^a2200000^a^4500
001 000124833
005 20250521000000.0
009 20260310094628.852
037 |a Acervo ITESO - Biblioteca 
041 |a ING 
082 |a 629. 1309  |b TAY 
100 |a Taylor, John W.R.  |e (autor) 
245 1 0 |a Aircraft /  |c J.W.R. Taylor, P. Hamlyn. 
264 4 |a Verona, Italia :  |b The Hamlyn Publishing Group,  |c 1968, c1967 
300 |a 140 p. 
336 |a texto  |b txt  |2 rdacontenido 
337 |a sin mediación  |b n  |2 rdamedio 
338 |a volumen  |b nc  |2 rdasoporte 
649 |a XX 
650 |a Aviones -  |x Historia 
650 |a Aeronáutica -  |x Historia 
700 |a Hamlyn, Paul  |e (autor) 
910 |a Fondo Salvador Reynoso Reynoso 
920 |a Impresos - Libros 
930 |a Fondos Especiales 
905 |a 112 
901 |a 0800007822  |b IT2  |c ESP  |u 20250521 
902 |a https://opac.biblio.iteso.mx/vufind/Record/000124833